Deutscher WM Kader 1962 - Statistiken

Allgemein
  • Dieses Quiz wurde 34 mal gespielt
  • Das Durchschnittsergebnis liegt bei 7 aus 24
Antwortstatistiken
Position Rückennummer Verein Name % Korrekt
9 Hamburger SV Uwe Seeler
100%
8 BC Augsburg Helmut Haller
80%
Co-Trainer Helmut Schön
80%
3 1. FC Köln Karl-Heinz Schnellinger
80%
11 1. FC Köln Hans Schäfer
60%
Tor 1 Westfalia Herne Hans Tilkowski
60%
Trainer Sepp Herberger
60%
4 FC Schalke 04 Willi Schulz
40%
Mittelfeld 6 Calcio Catania Horst Szymaniak
30%
22 TSG Ulm 46 Wolfgang Fahrian
30%
10 Borussia Mönchengladbach Albert Brülls
20%
21 VfB Stuttgart Günter Sawitzki
20%
18 Karlsruher SC Günter Herrmann
10%
19 1. FC Nürnberg Heinz Strehl
10%
Abwehr 2 SpVgg Fürth Herbert Erhard
10%
14 Hamburger SV Jürgen Werner
10%
17 Kickers Offenbach Engelbert Kraus
0%
12 FC Schalke 04 Hans Nowak
0%
16 1. FC Köln Hans Sturm
0%
20 1. FC Saarbrücken Heinz Vollmar
0%
13 Hamburger SV Jürgen Kubjuhn
0%
5 1. FC Köln Leo Wilden
0%
15 FC Bayern München Willi Giesemann
0%
Sturm 7 FC Schalke 04 Willi Koslowski
0%
Keine übereinstimmenden Quizze gefunden
Verteilung der Resultate
Anzahl Personen mit jedem Resultat
Perzentil nach korrekt beantworteten Fragen
Ihre Resultats-Entwicklung
Sie haben dieses Quiz noch nicht gespielt